Brawl Stars: Jacky Skins by Picture - Statistics

General Stats
  • This quiz has been taken 20 times
    4 since last reset
  • The average score is 7 of 10
Answer Stats
Picture Answer % Correct
Knight Jacky
100%
Constructor Jacky
75%
Jacky Cooky
75%
Jet Ski Jacky
75%
True Gold Jacky
75%
True Silver Jacky
75%
Cuttlefish Jacky
50%
Gift Express Jacky
50%
Ultra Driller Jacky
50%
Wave Hopper Jacky
50%
No matching quizzes found
Score Distribution
Percent of People with Each Score
Percentile by Number Answered
Your Score History
You have not taken this quiz since the last reset